000 00667nab a2200253 a 4500
001 59829
003 131753
005 20201118105642.0
008 ||||||n9999 ||| || ||
041 _aspa
100 _aPérez, Carlos Andrés
245 0 _aLas relaciones entre Estados Unidos y America Latina
260 _aBogotá :
_bTierra Firme,
_c1989.
300 _app.109-112
562 _e0
650 _aAMÉRICA LATINA
650 _aENSAYOS
650 _aESTADOS UNIDOS
650 _aPOLÍTICA EXTERIOR
650 _aRELACIONES INTERNACIONALES
650 _aRELACIONES NORTE SUR
773 _038106
_aCiencia Política - No.14
942 _cSART
999 _c59829
_d59829